| 000 | 00674nam a2200229 4500 | ||
|---|---|---|---|
| 001 | 71751 | ||
| 003 | BD-RjUL | ||
| 005 | 20211209082145.0 | ||
| 008 | 170507r19521940enk 001 0 eng d | ||
| 035 | _a(BD-RjUL)71967 | ||
| 040 |
_aKSU _beng _cBD-RjUL |
||
| 041 | _aeng | ||
| 082 |
_223 _a533.7 _bJEI 1952 |
||
| 100 | 1 |
_aJeans, James, _d1877-1946. _9154989 |
|
| 245 | 1 | 3 |
_aAn introduction to the kinetic theory of gases / _cby Sir James Jeans. |
| 250 | _a1st ed. | ||
| 260 |
_aCambridge : _bUniversity Press, _c1940, [Reprinted 1952] |
||
| 300 |
_a311 p. : _bill. ; _c22 cm. |
||
| 500 | _aIncludes Indexes | ||
| 650 | 0 |
_aKinetic theory of gases. _9212269 |
|
| 942 |
_2ddc _cBK |
||
| 999 |
_c71751 _d71751 |
||